000 00475nam a2200181Ia 4500
003 OSt
005 20220517065324.0
008 211109s9999||||xx |||||||||||||| ||und||
040 _cSBCL
082 _a894.8122
_bSAM-K
100 _aM P Sankunni Nair,
245 0 _aNadakeeyanubhavam Enna Resam
260 _bPublication Dept
_aCalicut University
_c1989
300 _a140p
630 _xGENERAL STACK
650 _aMALAYALAM
_vMALAYALAM LITERATUREMalayalam
942 _cBOOK
999 _c41062
_d41062